Online
Catalog

Armas a través del océano / (Record no. 36559)

MARC details
000 -CABECERA
campo de control de longitud fija 00602nam a2200181 a 4500
001 - NÚMERO DE CONTROL
campo de control 000037069
005 - FECHA Y HORA DE LA ÚLTIMA TRANSACCIÓN
campo de control 20200930080124.0
008 - DATOS DE LONGITUD FIJA--INFORMACIÓN GENERAL
campo de control de longitud fija 120209s1981 ag 000 0 spa d
040 ## - FUENTE DE LA CATALOGACIÓN
Centro catalogador/agencia de origen DO-SdBNP
Lengua de catalogación spa
Centro/agencia transcriptor BNPHU
082 ## - NÚMERO DE LA CLASIFICACIÓN DECIMAL DEWEY
Número de clasificación xxxxxx
Número de documento/Ítem xxxxxx
100 1# - ENTRADA PRINCIPAL--NOMBRE DE PERSONA
Nombre de persona J. Farley, Philip
9 (RLIN) 63484
245 10 - MENCIÓN DE TÍTULO
Título Armas a través del océano /
Mención de responsabilidad, etc. Philip J. Farley, Stephen S. y William H. Lewis ; traductor Luis F. Coco.
260 ## - PUBLICACIÓN, DISTRIBUCIÓN, ETC.
Lugar de publicación, distribución, etc. Argentina, :
Nombre del editor, distribuidor, etc. Ediciones tres tiempos,
Fecha de publicación, distribución, etc. 1981.
300 ## - DESCRIPCIÓN FÍSICA
Extensión 169 p. ;
Dimensiones 20 cm.
700 1# - PUNTO DE ACCESO ADICIONAL--NOMBRE DE PERSONA
Nombre de persona S., Stephen
9 (RLIN) 63485
700 1# - PUNTO DE ACCESO ADICIONAL--NOMBRE DE PERSONA
Nombre de persona H. Lewis, William
9 (RLIN) 63486
700 1# - PUNTO DE ACCESO ADICIONAL--NOMBRE DE PERSONA
Nombre de persona Coco, Luis F.,
Término indicativo de función/relación tr.
9 (RLIN) 11592
Holdings
Estado de retiro Estado de pérdida Restricciones de uso No para préstamo Código de colección Localización permanente Ubicación/localización actual Ubicación en estantería Fecha de adquisición Número de inventario Total de préstamos Signatura topográfica completa Código de barras Fecha visto por última vez Precio válido a partir de Tipo de ítem Koha
      Excluido de préstamo Monografías: Libros y Folletos General General Depósito 09.02.2012 LF1   xxxxxx xxxxxx 37069-10 25.06.2020 25.06.2020 No se presta

Powered by Koha